Top 10 Most Guessed Countries By Continent - South America - Statistics

General Stats
  • This quiz has been taken 39 times
    34 since last reset
  • The average score is 10 of 10
Answer Stats
# % Answer % Correct
2 87% Argentina
100%
1 93% Brazil
100%
4 78% Peru
100%
7 67% Venezuela
100%
3 85% Chile
97%
5 75% Colombia
97%
10 60% Ecuador
97%
9 65% Paraguay
97%
6 69% Uruguay
97%
8 67% Bolivia
87%
No matching quizzes found
Score Distribution
Percent of People with Each Score
Percentile by Number Answered
Your Score History
You have not taken this quiz since the last reset